[Event "Airthings Masters - Torneo Preliminare"]
[Site "Internet"]
[Date "03.02.2023"]
[Round "4"]
[White "Caruana, Fabiano"]
[Black "Mitrabha, Guha"]
[Result "1-0"]
[WhiteTitle ""]
[BlackTitle ""]
[WhiteElo "2766"]
[BlackElo "2510"]
[WhiteFideId "2020009"]
[BlackFideId "5057000"]
[EventDate "2023.02.03"]

1. c4 c5 2. Nf3 Nf6 3. Nc3 Nc6 4. e3 e6 5. d4 d5 6. a3 dxc4 7. Bxc4 a6 8. Bd3 b5
9. Ne4 Nxe4 10. Bxe4 Bb7 11. O-O Qc7 12. dxc5 Bxc5 13. b4 Bd6 14. Bb2 f5 15.
Bxc6+ Bxc6 16. Rc1 Qd7 17. Ng5 O-O 18. Rxc6 Qxc6 19. Qh5 h6 20. Qg6 1-0

[Event "Airthings Masters - Torneo Preliminare"]
[Site "Internet"]
[Date "03.02.2023"]
[Round "4"]
[White "Grischuk, Alexander"]
[Black "Vasquez Schroeder, Rodrigo"]
[Result "1/2-1/2"]
[WhiteTitle ""]
[BlackTitle ""]
[WhiteElo "2745"]
[BlackElo "2513"]
[WhiteFideId "4126025"]
[BlackFideId "3400042"]
[EventDate "2023.02.03"]

1. d4 Nf6 2. Nf3 e6 3. Bg5 h6 4. Bxf6 Qxf6 5. e4 d6 6. Nbd2 e5 7. c3 Nd7 8. Nc4
g6 9. Ne3 Bg7 10. h4 h5 11. Bd3 Nb6 12. a4 a5 13. Bb5+ Kf8 14. dxe5 dxe5 15. Nd5
Nxd5 16. Qxd5 c6 17. Qc5+ Qe7 18. Qxe7+ Kxe7 19. Bc4 f6 20. O-O-O Bg4 21. Rd3
Rhd8 22. Rhd1 Rxd3 23. Rxd3 Rd8 24. Rxd8 Kxd8 25. Nh2 Ke7 26. Nxg4 hxg4 1/2-1/2

[Event "Airthings Masters - Torneo Preliminare"]
[Site "Internet"]
[Date "03.02.2023"]
[Round "4"]
[White "Pranav, V"]
[Black "Murzin, Volodar"]
[Result "1-0"]
[WhiteTitle ""]
[BlackTitle ""]
[WhiteElo "2545"]
[BlackElo "2547"]
[WhiteFideId "25060783"]
[BlackFideId "44155573"]
[EventDate "2023.02.03"]

1. e4 c6 2. d4 d5 3. e5 Bf5 4. Nf3 e6 5. Be2 Ne7 6. O-O h6 7. c3 Nd7 8. Na3 Bh7
9. Nc2 Ng6 10. Bd3 Be7 11. Nfe1 O-O 12. f4 c5 13. f5 exf5 14. Bxf5 cxd4 15. cxd4
Nb8 16. Nf3 Nc6 17. Be3 Nh4 18. Bxh7+ Kxh7 19. Nxh4 Bxh4 20. Qh5 Bg5 21. Rad1
Bxe3+ 22. Nxe3 Qg5 23. Qe2 Rad8 24. Rf5 Qg6 25. Qf2 f6 26. Rf4 Kg8 27. Rg4 Qh5
28. exf6 Rde8 29. Rxg7+ Kh8 30. Ng4 Re4 31. h3 Nd8 32. Re1 Ne6 33. Re7 1-0

[Event "Airthings Masters - Torneo Preliminare"]
[Site "Internet"]
[Date "03.02.2023"]
[Round "4"]
[White "Andreikin, Dmitry"]
[Black "Theodorou, Nikolas"]
[Result "1/2-1/2"]
[WhiteTitle ""]
[BlackTitle ""]
[WhiteElo "2729"]
[BlackElo "2584"]
[WhiteFideId "4158814"]
[BlackFideId "4262875"]
[EventDate "2023.02.03"]

1. d4 Nf6 2. c4 g6 3. Nc3 Bg7 4. e4 d6 5. Be2 O-O 6. Be3 c5 7. e5 dxe5 8. dxe5
Nfd7 9. f4 Nc6 10. Nf3 f6 11. O-O fxe5 12. Qd5+ Kh8 13. Ng5 Qe8 14. fxe5 Ndxe5
15. Rxf8+ Qxf8 16. Rf1 Qg8 17. Bxc5 h6 18. Qxg8+ Kxg8 19. Nf3 Be6 20. Nd5 Rd8
21. Rd1 Kf7 22. Rf1 Kg8 23. Rd1 Kf7 24. Rf1 Kg8 1/2-1/2

[Event "Airthings Masters - Torneo Preliminare"]
[Site "Internet"]
[Date "03.02.2023"]
[Round "4"]
[White "Kravtsiv, Martyn"]
[Black "Salgado Lopez, Ivan"]
[Result "1-0"]
[WhiteTitle ""]
[BlackTitle ""]
[WhiteElo "2598"]
[BlackElo "2591"]
[WhiteFideId "14113147"]
[BlackFideId "2257327"]
[EventDate "2023.02.03"]

1. e4 e6 2. d4 d5 3. e5 c5 4. c3 Nc6 5. Nf3 Bd7 6. Be2 cxd4 7. cxd4 Nge7 8. Na3
Nf5 9. Nc2 Nb4 10. O-O Nxc2 11. Qxc2 Rc8 12. Qb3 Qb6 13. Qxb6 axb6 14. Bd2 h5
15. Rfc1 Rc6 16. b4 Be7 17. b5 Rxc1+ 18. Rxc1 Kd8 19. a4 Ba3 20. Rc2 f6 21. Bd3
Be8 22. a5 bxa5 23. Bxa5+ Ke7 24. Rc7+ Bd7 25. Rxb7 Ra8 26. Bc3 Kd8 27. b6 Rc8
28. Bd2 Bc1 29. Ba5 Bb2 30. Rc7 Rxc7 31. b7 1-0

[Event "Airthings Masters - Torneo Preliminare"]
[Site "Internet"]
[Date "03.02.2023"]
[Round "4"]
[White "Lazavik, Denis"]
[Black "Vokhidov, Shamsiddin"]
[Result "1-0"]
[WhiteTitle ""]
[BlackTitle ""]
[WhiteElo "2541"]
[BlackElo "2601"]
[WhiteFideId "13515110"]
[BlackFideId "14204223"]
[EventDate "2023.02.03"]

1. d4 Nf6 2. c4 e6 3. Nf3 d5 4. g3 dxc4 5. Bg2 Nc6 6. Qa4 Bb4+ 7. Bd2 Nd5 8.
Bxb4 Nxb4 9. O-O Rb8 10. Nc3 Bd7 11. a3 b5 12. Nxb5 Nd5 13. Nc3 Rxb2 14. Qxc4
Na5 15. Qd3 Rb3 16. Rfc1 O-O 17. e4 Bb5 18. Qd2 Nc4 19. Qe1 Nxc3 20. Rxc3 Rxc3
21. Qxc3 Nd6 22. Ne5 f6 23. Nc6 Bxc6 24. Qxc6 Qe7 25. Rc1 e5 26. Qd5+ Kh8 27.
dxe5 fxe5 28. Qc5 h5 29. Qxa7 Rf7 30. a4 h4 31. a5 Nb5 32. Qb8+ 1-0

[Event "Airthings Masters - Torneo Preliminare"]
[Site "Internet"]
[Date "03.02.2023"]
[Round "4"]
[White "Tomashevsky, Evgeny"]
[Black "Fier, Alexandr"]
[Result "1/2-1/2"]
[WhiteTitle ""]
[BlackTitle ""]
[WhiteElo "2694"]
[BlackElo "2606"]
[WhiteFideId "4147235"]
[BlackFideId "2107139"]
[EventDate "2023.02.03"]

1. d4 d5 2. c4 e6 3. Nf3 c6 4. e3 f5 5. Bd3 Nf6 6. O-O Bd6 7. b3 Qe7 8. a4 a5 9.
Ba3 Bxa3 10. Nxa3 O-O 11. Qc1 b6 12. Qb2 Bb7 13. cxd5 Nxd5 14. Ne5 Na6 15. Bxa6
Rxa6 16. Rac1 c5 17. dxc5 bxc5 18. Nac4 Raa8 19. f3 Rfd8 20. Rfe1 Nb4 21. Rcd1
Bd5 22. Qc3 Na2 23. Qc2 Nb4 24. Qe2 Qf6 25. h3 Bxc4 26. Nxc4 Qc3 27. Rxd8+ Rxd8
28. Rd1 Rd3 29. Rxd3 Nxd3 30. Qd2 Qxb3 31. Nxa5 Qxa4 32. Qxd3 Qxa5 33. Qd7 Qa1+
34. Kh2 Qf6 35. Qe8+ Qf8 36. Qxe6+ Kh8 37. Qc6 h6 38. h4 Qd8 39. Kh3 Qf8 40. h5
Qf7 41. g4 fxg4+ 42. Kxg4 c4 43. f4 Qa7 44. Kf3 Qa2 45. f5 Qc2 46. Qe8+ Kh7 47.
Qg6+ Kh8 48. Qe8+ Kh7 49. Qg6+ Kh8 50. Qe8+ 1/2-1/2

[Event "Airthings Masters - Torneo Preliminare"]
[Site "Internet"]
[Date "03.02.2023"]
[Round "4"]
[White "Chigaev, Maksim"]
[Black "Matinian, Nikita"]
[Result "1-0"]
[WhiteTitle ""]
[BlackTitle ""]
[WhiteElo "2632"]
[BlackElo "2407"]
[WhiteFideId "4108116"]
[BlackFideId "24129100"]
[EventDate "2023.02.03"]

1. e4 d6 2. d4 g6 3. Nc3 Bg7 4. Be3 a6 5. h4 h5 6. Qd2 b5 7. f3 Nd7 8. O-O-O Bb7
9. Nh3 Ngf6 10. Ng5 O-O 11. g4 c5 12. Ne2 Rc8 13. Ng3 cxd4 14. Bxd4 Ne5 15. gxh5
Nxf3 16. Nxf3 Nxe4 17. Qe1 Nxg3 18. Qxg3 e5 19. Be3 Be4 20. Rh2 Qa5 21. Kb1 Rxc2
22. Rxc2 Bxc2+ 23. Kxc2 Qxa2 24. Kd2 d5 25. h6 Bf6 26. h5 d4 27. Bg5 Qxb2+ 28.
Ke1 Qc3+ 29. Kf2 Bxg5 30. Qxg5 Qc2+ 31. Rd2 1-0

[Event "Airthings Masters - Torneo Preliminare"]
[Site "Internet"]
[Date "03.02.2023"]
[Round "4"]
[White "Malakhov, Vladimir"]
[Black "Grandelius, Nils"]
[Result "1-0"]
[WhiteTitle ""]
[BlackTitle ""]
[WhiteElo "2650"]
[BlackElo "2660"]
[WhiteFideId "4120787"]
[BlackFideId "1710400"]
[EventDate "2023.02.03"]

1. e4 c5 2. Nf3 d6 3. Bb5+ Bd7 4. Bxd7+ Qxd7 5. c4 Nf6 6. Nc3 g6 7. O-O Bg7 8.
d4 cxd4 9. Nxd4 O-O 10. h3 Nc6 11. Be3 a6 12. Rc1 Rfc8 13. b3 Rab8 14. Nxc6 Rxc6
15. Qd3 b5 16. cxb5 axb5 17. Nd5 Nxd5 18. exd5 Rxc1 19. Rxc1 h5 20. Rc6 Bf6 21.
a4 bxa4 22. bxa4 Ra8 23. Qb5 Qf5 24. a5 Bg5 25. Bxg5 Qxg5 26. a6 Qe5 27. Qb7 Rf8
28. Rc1 Qf4 29. Rb1 Qa4 30. a7 Qa2 31. h4 Kg7 32. Re1 Qa3 33. g3 Qc3 34. Rxe7
Qa1+ 35. Kg2 1-0

[Event "Airthings Masters - Torneo Preliminare"]
[Site "Internet"]
[Date "03.02.2023"]
[Round "4"]
[White "Sevian, Samuel"]
[Black "Gadimbayli, Abdulla"]
[Result "1-0"]
[WhiteTitle ""]
[BlackTitle ""]
[WhiteElo "2687"]
[BlackElo "2507"]
[WhiteFideId "2040506"]
[BlackFideId "13404938"]
[EventDate "2023.02.03"]

1. e4 e6 2. d4 d5 3. Nc3 Bb4 4. e5 c5 5. a3 Bxc3+ 6. bxc3 Ne7 7. Qg4 Qc7 8. Bd3
c4 9. Be2 Nf5 10. a4 Qa5 11. Ra3 Nc6 12. Nf3 Bd7 13. Qh5 Ncxd4 14. Nxd4 Nxd4 15.
Bd1 Nf5 16. O-O O-O 17. Bg4 Ne7 18. Bg5 Ng6 19. Be3 Rac8 20. f4 b5 21. f5 exf5
22. Bxf5 Bxf5 23. Qxf5 b4 24. cxb4 Qxb4 25. Raa1 Qc3 26. Bxa7 d4 27. Qe4 Rcd8
28. a5 d3 29. cxd3 cxd3 30. Bb6 Rc8 31. Rfd1 Qxe5 32. Qxd3 Nf4 33. Qf3 Rc3 34.
Qf2 Qe4 35. Re1 Qc4 36. Rf1 g5 37. Kh1 Rc2 38. Qf3 Rxg2 39. a6 Qc2 40. Rf2 Rxf2
41. Bxf2 Nd3 42. Bg3 Qb2 43. Rd1 Nc5 44. Qd5 Nxa6 45. Qxg5+ Qg7 46. Qe7 Qg6 47.
Bd6 Qe6 48. Rg1+ Kh8 49. Qxe6 1-0

[Event "Airthings Masters - Torneo Preliminare"]
[Site "Internet"]
[Date "03.02.2023"]
[Round "4"]
[White "Drygalov, Sergey"]
[Black "Swiercz, Dariusz"]
[Result "1-0"]
[WhiteTitle ""]
[BlackTitle ""]
[WhiteElo "2547"]
[BlackElo "2646"]
[WhiteFideId "24171743"]
[BlackFideId "1126881"]
[EventDate "2023.02.03"]

1. d4 Nf6 2. c4 g6 3. Nc3 Bg7 4. e4 d6 5. Nf3 O-O 6. Be2 Na6 7. O-O e5 8. Be3 c6
9. Re1 Ng4 10. Bg5 Qb6 11. Be7 Re8 12. Bxd6 exd4 13. Na4 Qd8 14. c5 b5 15. Nxd4
bxa4 16. h3 Nxf2 17. Kxf2 Qf6+ 18. Nf3 Qxb2 19. e5 Bf5 20. Qd4 a3 21. g4 Be6 22.
Qxb2 axb2 23. Rab1 Nb4 24. Rxb2 Nxa2 25. Ba6 Bd5 26. Nd4 Nc3 27. Bb7 Ne4+ 28.
Kf1 Nxd6 29. cxd6 Rab8 30. Bxc6 Bc4+ 31. Kg1 Rxb2 32. Bxe8 Rd2 33. Nc6 Bh6 34.
Na5 Be6 35. Bc6 Bg5 36. Nb7 Kg7 37. Nc5 Bc4 38. Ne4 Bh4 39. Nxd2 1-0

[Event "Airthings Masters - Torneo Preliminare"]
[Site "Internet"]
[Date "03.02.2023"]
[Round "4"]
[White "Le, Quang Liem"]
[Black "Predke, Alexandr"]
[Result "1-0"]
[WhiteTitle ""]
[BlackTitle ""]
[WhiteElo "2728"]
[BlackElo "2684"]
[WhiteFideId "12401137"]
[BlackFideId "24107581"]
[EventDate "2023.02.03"]

1. d4 Nf6 2. Nf3 e6 3. Bf4 c5 4. e3 Nc6 5. Nbd2 h6 6. h3 d5 7. Bb5 Qb6 8. c4
dxc4 9. a4 cxd4 10. O-O Bd7 11. Nxc4 Qd8 12. Nxd4 Nd5 13. Bg3 Be7 14. Bxc6 Bxc6
15. Nxc6 bxc6 16. e4 Nb6 17. Ne5 Rc8 18. Qf3 O-O 19. Rfd1 Qe8 20. a5 f6 21. Ng4
Nd7 22. Qb3 Nc5 23. Qc4 Qg6 24. b4 Nxe4 25. Qxe6+ Qf7 26. Qxe4 f5 27. Qe2 fxg4
28. Rd7 Rce8 29. Re1 Bxb4 30. Rxf7 Kxf7 31. Qc4+ 1-0

[Event "Airthings Masters - Torneo Preliminare"]
[Site "Internet"]
[Date "03.02.2023"]
[Round "4"]
[White "Narayanan, Srinath"]
[Black "Kovalenko, Igor"]
[Result "0-1"]
[WhiteTitle ""]
[BlackTitle ""]
[WhiteElo "2559"]
[BlackElo "2674"]
[WhiteFideId "5018420"]
[BlackFideId "14117908"]
[EventDate "2023.02.03"]

1. Nf3 d5 2. d4 Nf6 3. Bf4 e6 4. e3 Bd6 5. Ne5 c5 6. Nd2 O-O 7. c3 Nc6 8. Bd3
Qc7 9. Ndf3 h6 10. h3 Nd7 11. Nxd7 Bxd7 12. Bxd6 Qxd6 13. O-O Rad8 14. dxc5 Qxc5
15. Qc2 e5 16. Bh7+ Kh8 17. Bf5 e4 18. Bxd7 Rxd7 19. Nd2 f5 20. Rad1 Ne5 21. Nb3
Qb6 22. Rd4 Qg6 23. Kh1 Nd3 24. Nc1 Ne5 25. Rfd1 Qf7 26. Ne2 Rfd8 27. R4d2 g5
28. b3 b5 29. Qb2 Kh7 30. Nd4 a6 31. Qa3 Qf6 32. Qc5 f4 33. Kg1 Kg6 34. a4 bxa4
35. bxa4 Nc4 36. Nc6 Rc7 37. Qxc4 dxc4 38. Nxd8 Qxc3 39. Rd6+ Kh7 40. Ne6 Rf7
41. Nd8 Re7 42. Nc6 Rc7 43. exf4 gxf4 44. Nd4 Rf7 45. Ne6 e3 46. Rd7 Rxd7 47.
Rxd7+ Kg8 0-1

[Event "Airthings Masters - Torneo Preliminare"]
[Site "Internet"]
[Date "03.02.2023"]
[Round "4"]
[White "Pap, Gyula"]
[Black "Chirila, Ioan-Cristian"]
[Result "0-1"]
[WhiteTitle ""]
[BlackTitle ""]
[WhiteElo "2429"]
[BlackElo "2543"]
[WhiteFideId "725323"]
[BlackFideId "1211668"]
[EventDate "2023.02.03"]

1. e4 c5 2. Nf3 Nc6 3. d4 cxd4 4. Nxd4 Qb6 5. Nb3 Nf6 6. Nc3 e6 7. Be3 Qc7 8. a3
a6 9. f4 d6 10. g4 b5 11. g5 Nd7 12. Qd2 Nb6 13. O-O-O Nc4 14. Bxc4 bxc4 15. Nd4
Rb8 16. Qe2 Na5 17. Kb1 Be7 18. Bc1 Qb6 19. Ka2 O-O 20. h4 Bd7 21. f5 Rfc8 22.
Rhg1 Nc6 23. Nxc6 Rxc6 24. f6 Bf8 25. h5 Qb7 26. Rdf1 Rb6 27. Nd1 c3 28. b3 Rxb3
29. g6 Rxa3+ 0-1

[Event "Airthings Masters - Torneo Preliminare"]
[Site "Internet"]
[Date "03.02.2023"]
[Round "4"]
[White "Deac, Bogdan-Daniel"]
[Black "Tabatabaei, M. Amin"]
[Result "1-0"]
[WhiteTitle ""]
[BlackTitle ""]
[WhiteElo "2700"]
[BlackElo "2677"]
[WhiteFideId "1226380"]
[BlackFideId "12521213"]
[EventDate "2023.02.03"]

1. d4 Nf6 2. c4 e6 3. Nf3 d5 4. cxd5 exd5 5. Nc3 c6 6. Bf4 Bf5 7. e3 Qb6 8. Bd3
Qxb2 9. O-O Bg4 10. Ne2 Bxf3 11. gxf3 Qa3 12. Rb1 b6 13. Qc2 Be7 14. e4 g6 15.
e5 Nh5 16. Bc1 Qa5 17. Bd2 Qa3 18. f4 f5 19. Rb3 Qa4 20. Nc3 Qa5 21. Nb5 Qa4 22.
Nc7+ Kd7 23. Nxa8 Qxd4 24. Be3 Qa4 25. Rxb6 Qxc2 26. Rb7+ Kc8 27. Rc7+ Kd8 28.
Bxc2 d4 29. Rd1 c5 30. Bxd4 1-0

[Event "Airthings Masters - Torneo Preliminare"]
[Site "Internet"]
[Date "03.02.2023"]
[Round "4"]
[White "Yu, Yangyi"]
[Black "Williams, Simon K"]
[Result "1-0"]
[WhiteTitle ""]
[BlackTitle ""]
[WhiteElo "2729"]
[BlackElo "2465"]
[WhiteFideId "8603820"]
[BlackFideId "404454"]
[EventDate "2023.02.03"]

1. Nf3 f5 2. g3 Nf6 3. Bg2 d6 4. d4 e6 5. b3 Be7 6. Bb2 O-O 7. O-O a5 8. a3 Ne4
9. Nbd2 Bf6 10. Ne1 d5 11. Nd3 a4 12. f3 Nxd2 13. Qxd2 Nc6 14. e3 Na5 15. Bc3 b6
16. Rab1 Bb7 17. f4 Ba6 18. Bxa5 Bxd3 19. Qxd3 Rxa5 20. b4 Ra7 21. c4 Qd7 22.
cxd5 exd5 23. Rbc1 c6 24. Rc3 Rc7 25. Rfc1 Re8 26. Qc2 g6 27. Rxc6 Rxc6 28. Qxc6
Qxc6 29. Rxc6 Kg7 30. Kf2 Rd8 31. Ke2 Be7 32. Kd3 b5 33. Rb6 Rc8 34. Kd2 1-0

[Event "Airthings Masters - Torneo Preliminare"]
[Site "Internet"]
[Date "03.02.2023"]
[Round "4"]
[White "Ponkratov, Pavel"]
[Black "Kobo, Ori"]
[Result "1-0"]
[WhiteTitle ""]
[BlackTitle ""]
[WhiteElo "2577"]
[BlackElo "2548"]
[WhiteFideId "4157800"]
[BlackFideId "2812320"]
[EventDate "2023.02.03"]

1. e4 c5 2. Nf3 d6 3. d4 cxd4 4. Nxd4 Nf6 5. Nc3 Nc6 6. f3 e5 7. Nb3 Be7 8. Be3
Be6 9. Nd5 O-O 10. Qd2 a5 11. a4 Bxd5 12. exd5 Nb4 13. c4 Nd7 14. Be2 b6 15. f4
Bf6 16. O-O Nc5 17. Ra3 Re8 18. fxe5 Nxb3 19. Rxb3 Bxe5 20. Rf2 g6 21. Bg5 f6
22. Be3 Ra7 23. Bf1 Rae7 24. Rf3 Qc7 25. Qf2 Rb8 26. h4 Qd7 27. Bxb6 Qxa4 28.
Bd4 f5 29. h5 Rf8 30. hxg6 hxg6 31. Rh3 Qd7 32. Rbg3 Rf6 33. Ra3 Bxd4 34. Qxd4
Qa7 35. Qxa7 Rxa7 36. Ra4 Rf8 37. Re3 Kg7 38. Kf2 Rff7 39. Rea3 Nc2 40. Rb3 Nb4
41. Be2 Kf6 42. Rba3 Nc2 43. Rh3 Rfb7 44. b3 Nd4 45. Bd1 Rb4 46. Ra2 Rab7 47.
Rxa5 Nxb3 48. Ra6 R7b6 49. Rxb6 Rxb6 50. Rxb3 1-0

[Event "Airthings Masters - Torneo Preliminare"]
[Site "Internet"]
[Date "03.02.2023"]
[Round "4"]
[White "Martinez Alcantara, Jose Eduardo"]
[Black "Indjic, Aleksandar"]
[Result "1-0"]
[WhiteTitle ""]
[BlackTitle ""]
[WhiteElo "2607"]
[BlackElo "2641"]
[WhiteFideId "3805662"]
[BlackFideId "911925"]
[EventDate "2023.02.03"]

1. e4 e5 2. Nf3 Nc6 3. Nc3 Nf6 4. h3 Bb4 5. Nd5 O-O 6. Nxb4 Nxb4 7. c3 Nc6 8. d3
d5 9. Qc2 Re8 10. Be2 Qd6 11. O-O a5 12. Bg5 Nh5 13. Rfe1 h6 14. Be3 Nf6 15.
Rad1 b6 16. a4 Bb7 17. Bf1 Rad8 18. Bc1 Ba6 19. Nh4 Qe6 20. Nf5 Ne7 21. Nxe7+
Rxe7 22. exd5 Qxd5 23. f4 Bb7 24. fxe5 Rxe5 25. Rxe5 Qxe5 26. Qf2 Qe8 27. Re1
Qxa4 28. Bxh6 Qc6 29. Bg5 Re8 30. Rxe8+ Nxe8 31. Qe3 f6 32. Bf4 Qd7 33. Be2 g5
34. Bg3 Ng7 35. Qf2 Qe7 36. h4 a4 37. hxg5 fxg5 38. Bg4 Bd5 39. Qd4 Be6 40. Qxa4
Bxg4 41. Qxg4 Qe3+ 42. Kh2 Qxd3 43. Qc8+ Kh7 44. Qxc7 Qe2 45. Be5 Qh5+ 46. Kg1
Qd1+ 47. Kh2 Qh5+ 48. Kg3 Qh4+ 49. Kf3 Qh5+ 50. Ke3 1-0

[Event "Airthings Masters - Torneo Preliminare"]
[Site "Internet"]
[Date "03.02.2023"]
[Round "4"]
[White "Jonkman, Harmen"]
[Black "Iskusnyh, Sergei"]
[Result "1-0"]
[WhiteTitle ""]
[BlackTitle ""]
[WhiteElo "2328"]
[BlackElo "2443"]
[WhiteFideId "1002708"]
[BlackFideId "4120027"]
[EventDate "2023.02.03"]

1. e4 e6 2. d4 d5 3. e5 c5 4. c3 Nc6 5. Nf3 Nge7 6. Bd3 cxd4 7. cxd4 Nf5 8. Be3
Be7 9. O-O O-O 10. Nc3 Nxe3 11. fxe3 f5 12. exf6 Rxf6 13. Qc2 Rh6 14. a3 Bd7 15.
Rf2 Rc8 16. Raf1 Bd6 17. g4 e5 18. g5 Rh5 19. Qb3 Be6 20. Be4 Kh8 21. Bxd5 Bh3
22. Re1 exd4 23. exd4 Ne7 24. Bf7 Ng6 25. Re8+ Qxe8 26. Bxe8 Rxe8 27. Qb5 Rf8
28. Ne4 Bf4 29. Qb3 1-0

[Event "Airthings Masters - Torneo Preliminare"]
[Site "Internet"]
[Date "03.02.2023"]
[Round "4"]
[White "Bernadskiy, Vitaliy"]
[Black "Petrosyan, Manuel"]
[Result "0-1"]
[WhiteTitle ""]
[BlackTitle ""]
[WhiteElo "2612"]
[BlackElo "2634"]
[WhiteFideId "14100371"]
[BlackFideId "13300857"]
[EventDate "2023.02.03"]

1. d4 Nf6 2. Bg5 e6 3. Nf3 h6 4. Bh4 b6 5. e3 Bb7 6. Bd3 Be7 7. O-O Ne4 8. Bxe7
Qxe7 9. c4 d6 10. Nfd2 Nxd2 11. Qxd2 Nd7 12. Nc3 O-O 13. b4 e5 14. a4 a5 15. b5
Nf6 16. f4 exd4 17. exd4 d5 18. Rae1 Qb4 19. Rb1 Qd6 20. cxd5 Rfe8 21. Bc4 Nxd5
22. Bxd5 Bxd5 23. f5 Rad8 24. f6 Bc4 25. Rf4 g5 26. Rg4 Qxf6 27. d5 Be2 28. Rg3
Bh5 29. Rf1 Qe5 30. Qf2 Kh7 31. h4 g4 32. Kh2 Bg6 33. Qd2 h5 34. Rf4 Rd6 35. Qf2
Qe7 0-1

[Event "Airthings Masters - Torneo Preliminare"]
[Site "Internet"]
[Date "03.02.2023"]
[Round "4"]
[White "Mikaelyan, Arman"]
[Black "Ivanchuk, Vasyl"]
[Result "1-0"]
[WhiteTitle ""]
[BlackTitle ""]
[WhiteElo "2496"]
[BlackElo "2664"]
[WhiteFideId "13304852"]
[BlackFideId "14100010"]
[EventDate "2023.02.03"]

1. d4 Nf6 2. c4 e6 3. Nf3 d5 4. Bg5 h6 5. Bxf6 Qxf6 6. Nc3 c6 7. e3 Nd7 8. Bd3
dxc4 9. Bxc4 g6 10. O-O Bg7 11. Bb3 O-O 12. Rc1 Qe7 13. Ne4 Rd8 14. Qe2 e5 15.
d5 cxd5 16. Bxd5 Nb6 17. Bb3 Be6 18. Qb5 Rac8 19. Bxe6 Qxe6 20. Nc5 Qe7 21. e4
Rc6 22. b4 Rdc8 23. Rcd1 Qc7 24. Rd2 Bf8 25. Rfd1 Bxc5 26. bxc5 Rxc5 27. Qe2 Kg7
28. h4 h5 29. Ng5 Qe7 30. g4 f6 31. Nh3 Qe6 32. f3 hxg4 33. fxg4 Rc3 34. Nf2 Qc4
35. Rd3 Rxd3 36. Rxd3 Qc1+ 37. Kg2 Rc2 38. Qf3 Rxa2 39. Rd6 Qf4 40. Qxf4 exf4
41. Kf3 Nc4 42. Rd7+ Kh6 43. g5+ 1-0

[Event "Airthings Masters - Torneo Preliminare"]
[Site "Internet"]
[Date "03.02.2023"]
[Round "4"]
[White "Pichot, Alan"]
[Black "Cardoso Cardoso, Jose Gabriel"]
[Result "1-0"]
[WhiteTitle ""]
[BlackTitle ""]
[WhiteElo "2638"]
[BlackElo "2498"]
[WhiteFideId "110973"]
[BlackFideId "4430492"]
[EventDate "2023.02.03"]

1. e4 c5 2. Nf3 d6 3. Bb5+ Nd7 4. a4 Nf6 5. Nc3 a6 6. Be2 g6 7. a5 Bg7 8. O-O
O-O 9. d3 b5 10. axb6 Qxb6 11. Nd2 Ne5 12. Kh1 Nc6 13. Nc4 Qc7 14. Bg5 e6 15. f4
Bb7 16. Qd2 Nd4 17. Bd1 d5 18. e5 Ne8 19. Na5 f6 20. exf6 Nxf6 21. Ne2 Nf5 22.
Ng1 Bc8 23. c3 Bd7 24. Bxf6 Bxf6 25. Nf3 Rab8 26. Ba4 Bxa4 27. Rxa4 Rb5 28. b4
cxb4 29. cxb4 Rc8 30. Qe2 Rb6 31. g4 Ne7 32. Qe3 Rd6 33. Nb3 Qb6 34. Nc5 d4 35.
Qe2 a5 36. Ne4 Nd5 37. Rxa5 Bg7 38. Nxd6 Qxd6 39. Qe4 Ne3 40. Rfa1 Rf8 41. Ng5
Rxf4 42. Ra8+ Bf8 43. Qxe6+ Qxe6 44. Nxe6 Rf6 45. Rxf8+ Rxf8 46. Nxf8 Kxf8 47.
b5 1-0

[Event "Airthings Masters - Torneo Preliminare"]
[Site "Internet"]
[Date "03.02.2023"]
[Round "4"]
[White "Bok, Benjamin"]
[Black "Pakleza, Zbigniew"]
[Result "0-1"]
[WhiteTitle ""]
[BlackTitle ""]
[WhiteElo "2607"]
[BlackElo "2496"]
[WhiteFideId "1017063"]
[BlackFideId "1119290"]
[EventDate "2023.02.03"]

1. d4 d6 2. Nf3 Bg4 3. e4 Nf6 4. Nc3 e6 5. h3 Bh5 6. Qe2 c6 7. g4 Bg6 8. h4 h5
9. g5 Nfd7 10. d5 cxd5 11. exd5 e5 12. Be3 Be7 13. O-O-O Na6 14. a3 Nac5 15. Bh3
O-O 16. Nd2 b5 17. f3 Rb8 18. b4 Na4 19. Nxa4 bxa4 20. Qa6 Qc7 21. Qc6 Rfc8 22.
Ne4 Rb7 23. Bxd7 Qxd7 24. Qxd7 Rxd7 25. Kb2 f5 26. gxf6 gxf6 27. Rhg1 Kf7 28.
Rg2 f5 29. Rdg1 fxe4 30. Rxg6 exf3 31. Rg7+ Kf6 32. R1g6+ Kf5 33. Rh6 Rdc7 34.
c3 Rxc3 35. Rxh5+ Ke4 36. Bh6 f2 37. Rf7 Rf3 38. Rxf3 Kxf3 39. Rf5+ Ke2 0-1

[Event "Airthings Masters - Torneo Preliminare"]
[Site "Internet"]
[Date "03.02.2023"]
[Round "4"]
[White "Daggupati, Balaji"]
[Black "Sharapov, Evgeny"]
[Result "0-1"]
[WhiteTitle ""]
[BlackTitle ""]
[WhiteElo "2507"]
[BlackElo "2375"]
[WhiteFideId "2090759"]
[BlackFideId "14103133"]
[EventDate "2023.02.03"]

1. e4 c5 2. Nf3 d6 3. d4 cxd4 4. Nxd4 Nf6 5. Nc3 Nc6 6. Bg5 e6 7. Qd2 Be7 8.
O-O-O O-O 9. h4 Nxd4 10. Qxd4 Qa5 11. Kb1 Rd8 12. f3 Bd7 13. g4 Bc6 14. Bd2 Qc5
15. Qd3 d5 16. e5 d4 17. Ne2 Nxg4 18. fxg4 Bxh1 19. Bf4 Qd5 20. Ng3 Bf3 21. Be2
Bxe2 22. Qxe2 Rac8 23. Ne4 a5 24. g5 Qc4 25. Rd3 a4 26. a3 b5 27. h5 Rc6 28. g6
fxg6 29. hxg6 hxg6 30. Qh2 Rdc8 31. Rd2 d3 32. Nc3 dxc2+ 33. Rxc2 b4 34. axb4 a3
35. Bc1 axb2 36. Bxb2 Qf1+ 37. Bc1 Rxc3 38. Rxc3 Rxc3 39. Ka2 Qxc1 0-1